000 00300nam a2200121Ia 4500
008 240624s9999 xx 000 0 und d
041 _aeng
082 _a828 McC
100 _aMCCORMACK MARK H
245 _aWHAT THEY DONT TEACH YOU AT HARVARD BUSI
260 _aLondon
_bProfile Books
365 _cRS
999 _c30906
_d30906